000
00309nam a22001217a 4500
008
230626b xxu||||| |||| 00| 0 eng d
082
_a
331.137
_b
WAN
100
_c
Maina Wanjigi
245
_a
Report of the Presidential Committee on Unemployment 1982/83
260
_a
Kenya
300
_a
261p
942
_2
ddc
_c
BK
999
_c
2693
_d
2693